000 00598nam a22001577a 4500
008 230612b |||||||| |||| 00| 0 eng d
040 _aNational Science Library
_cNational Science Library
080 _aR 654.15(540)(08.7)
_bK2.2
245 _aAll Indian telephone directory:
_bClassified according to reades and professions government department, individuals, institution
_c / The Indian Export Trade Journal
250 _a4th ed.
260 _aBombay:
_bThe Indian Export Trade Journal,
_c1962
300 _a354p.
650 _aTelecommunication
653 _aTelephone
942 _2udc
_cREF
999 _c42114
_d42114